00641nam a22001337a 4500008004100000020001500041082001600056100009200072245010900164260005800273300002900331650005600360700009100416150424b xxu||||| |||| 00| 0 eng d a9800776079 a708bA 992e aAzcarate, Emilia (autor), Aquilina de Azcarate,Ana (curadora), Wilson, Adolfo (curador) aEmilia AzcaratecAzcarate, Emilia (autor), Aquilina de Azcarate,Ana (curadora), Wilson, Adolfo (curador) aValencia EspañabColbert Consultores de Arte c2001 a91 p.bill. (col)c22 cm xAzcarate, EmiliaxExhibicionesxArte ModernoxS. 20 aEmilia Azcarate, (autor), Ana Aquilina de Azcarate (curadora), Adolfo Wilson (curador)